Guerrilla movements in Latin America

Saved in:
Bibliografiske detaljer
Hovedforfatter: Gott, Richard (Author)
Format: Bog
Sprog:engelsk
Udgivet: Nueva York Doubleday 1970
Fag:
Tags: Tilføj Tag
Ingen Tags, Vær først til at tagge denne postø!

MARC

LEADER 00000nam a2200000 a 4500
001 UCO7954
003 CL-VaPUC
008 001124e19700000US |||||||||||||||||eng|d
082 0 4 |a 322.42098  |b GOT  |2 21 
100 |a Gott, Richard  |e author  |9 525821 
245 1 0 |a Guerrilla movements in Latin America 
300 |a 626 p 
942 |c BK 
945 |d 20001124 00:00:00  |a crobeson 
260 |a Nueva York  |b Doubleday  |c 1970 
500 |a Donación del profesor Manfred Wilhelmy von Wolff 
650 7 |a GUERRILLAS  |2 CL-VaPUC  |9 313530 
650 0 |a Movimientos revolucionarios  |9 349711 
651 0 |a América Latina   |9 255027 
651 0 |a Guatemala  |9 258335 
651 0 |a Venezuela  |9 254993 
651 0 |a Colombia  |9 256424 
651 0 |a Perú  |9 256567 
651 0 |a Bolivia  |9 255454 
583 |a last modification  |c 20001124 00:00:00  |k Rodrigo Vera 
999 |c 292769  |d 292767 
952 |0 0  |1 0  |4 0  |6 322_420980000000000_GOT_1970  |7 0  |8 A  |9 343841  |a BIBHIS  |b BIBHIS  |d 2019-11-20  |i 1229729  |l 1  |o 322.42098 GOT 1970  |p 1229729  |r 2025-01-20  |s 2024-06-19  |w 2019-11-20  |y BK  |k HIS